header

International and language education for a global future (Record no. 122217)

MARC details
000 -LEADER
fixed length control field 02057nam a2200409 a 4500
082 04 - DEWEY DECIMAL CLASSIFICATION NUMBER
Classification number 370.116
245 00 - TITLE STATEMENT
Title International and language education for a global future
260 ## - PUBLICATION, DISTRIBUTION, ETC. (IMPRINT)
Place of publication East Lansing :
Name of publisher Michigan State University Press,
Year of publication c2010.
300 ## - PHYSICAL DESCRIPTION
Number of Pages xi, 439 p. :
Other physical details ill., map.
505 0# - FORMATTED CONTENTS NOTE
Formatted contents note pt. 1. The role of Title VI programs in national and global security -- pt. 2. Title VI programs and the less commonly taught languages -- pt. 3. The history and significance of the programs of Title VI higher education act -- pt. 5. Global competitiveness -- pt. 6. Accessing, benchmarking, and assessing Title VI -- pt. 7. Future directions for Title VI and Fulbright-Hays programs.
650 #0 - SUBJECT ADDED ENTRY--TOPICAL TERM
Topical Term International education
Topical Term Languages, Modern
Topical Term Foreign study
Topical Term Fulbright scholarships.
Topical Term Federal aid to higher education
Topical Term Education and globalization.
700 1# - ADDED ENTRY--PERSONAL NAME
Personal name Wiley, David,
Personal name Glew, Robert S.
856 40 - ELECTRONIC LOCATION AND ACCESS
Uniform Resource Identifier http://site.ebrary.com/lib/rucke/Doc?id=10514536

No items available.

© 2026 Rongo University
Contact us: librarian | system librarian | Rongo university